[Event "Niedersachsen-ch"]
[Site "Verden"]
[Date "2010.01.05"]
[Round "8.3"]
[White "Kaphle, Sebastian"]
[Black "Lick, Patrick"]
[Result "1/2-1/2"]
[WhiteElo "2152"]
[BlackElo "2038"]
[PlyCount "54"]
[EventDate "2010.01.??"]
[EventType "swiss"]
[EventRounds "9"]
[EventCountry "GER"]
[SourceDate "2005.10.24"]

1. a3 Nf6 2. Nf3 e6 3. g3 b6 4. Bg2 Bb7 5. O-O Be7 6. c4 O-O 7. d3 c5 8. Nc3 d5
9. Qc2 d4 10. Na2 Qc7 11. h3 Nbd7 12. e3 dxe3 13. Bxe3 Rad8 14. Rfd1 Bxf3 15.
Bxf3 Ne5 16. Bg2 Nc6 17. Nc3 a6 18. Ne2 Rd7 19. Rab1 Rfd8 20. Qc3 Ne8 21. b4
Bf6 22. Qb3 Nd4 23. Bxd4 Bxd4 24. Nxd4 Rxd4 25. bxc5 bxc5 26. Qa4 Nd6 27. Qxa6
Nxc4 1/2-1/2

[Event "Niedersachsen-ch"]
[Site "Verden"]
[Date "2010.01.05"]
[Round "8.4"]
[White "Helmer, Christoph"]
[Black "Mueer, Sebastian"]
[Result "0-1"]
[WhiteElo "1897"]
[BlackElo "2084"]
[PlyCount "82"]
[EventDate "2010.01.??"]
[EventType "swiss"]
[EventRounds "9"]
[EventCountry "GER"]
[SourceDate "2005.10.24"]

1. d4 Nf6 2. c4 c5 3. d5 e6 4. Nc3 exd5 5. cxd5 d6 6. e4 g6 7. Bd3 Bg7 8. h3 a6
9. a4 Nbd7 10. Nf3 Nh5 11. O-O Ne5 12. Be2 Nxf3+ 13. Bxf3 Qh4 14. Re1 Be5 15.
Bg4 O-O 16. Bxc8 Raxc8 17. Qg4 Qxg4 18. hxg4 Nf6 19. f3 h5 20. g5 {(=)} Nd7 21.
f4 Bd4+ 22. Be3 Rfe8 23. Rad1 Bxc3 24. bxc3 Rxe4 25. Rb1 b6 26. Ra1 Rce8 27.
Kf2 f6 28. Bd2 Rxe1 29. Rxe1 Rxe1 30. Bxe1 b5 31. axb5 axb5 32. Bd2 Nb6 33. Ke3
Nc4+ 34. Kd3 Nxd2 35. Kxd2 fxg5 36. fxg5 Kf7 37. g3 Ke7 38. Kc2 Kd7 39. Kb3 Kc7
40. Ka3 Kb6 41. Kb2 c4 0-1

[Event "Niedersachsen-ch"]
[Site "Verden"]
[Date "2010.01.05"]
[Round "8.5"]
[White "Hantak, Adam"]
[Black "Prenzler, Daniel"]
[Result "1/2-1/2"]
[WhiteElo "2161"]
[BlackElo "2190"]
[PlyCount "27"]
[EventDate "2010.01.??"]
[EventType "swiss"]
[EventRounds "9"]
[EventCountry "GER"]
[SourceDate "2005.10.24"]

1. d4 Nf6 2. c4 c5 3. d5 b5 4. Qc2 bxc4 5. e4 d6 6. Bxc4 g6 7. h3 Bg7 8. Nf3
O-O {(=)} 9. O-O Nbd7 10. Re1 Nb6 11. Bf1 Nfd7 12. Nc3 Bb7 13. a4 a5 14. Nd2
1/2-1/2

[Event "Niedersachsen-ch"]
[Site "Verden"]
[Date "2010.01.05"]
[Round "8.6"]
[White "Woellermann, Jan"]
[Black "Frank, Christian"]
[Result "1-0"]
[WhiteElo "2080"]
[BlackElo "1987"]
[PlyCount "57"]
[EventDate "2010.01.??"]
[EventType "swiss"]
[EventRounds "9"]
[EventCountry "GER"]
[SourceDate "2005.10.24"]

1. d4 Nf6 2. c4 e6 3. g3 c5 4. d5 exd5 5. cxd5 d6 6. Nc3 g6 7. Bg2 Bg7 8. Nf3
O-O 9. O-O a6 10. a4 Nbd7 11. Nd2 Ne5 12. h3 Rb8 13. f4 Ned7 14. Nc4 Nb6 15.
Na3 Qc7 16. a5 Nbd7 17. Nc4 b5 18. axb6 Nxb6 19. Na5 Bb7 20. e4 Rfe8 21. e5 Nh5
22. g4 Nxf4 23. Bxf4 dxe5 24. Be3 f5 25. gxf5 gxf5 26. d6 Qd7 27. Nxb7 Rxb7 28.
Na4 Nxa4 29. Qd5+ 1-0

[Event "Niedersachsen-ch"]
[Site "Verden"]
[Date "2010.01.05"]
[Round "8.7"]
[White "Tonndorf, Matthias"]
[Black "Heinemann, Ernst"]
[Result "1/2-1/2"]
[WhiteElo "2199"]
[BlackElo "2199"]
[PlyCount "165"]
[EventDate "2010.01.??"]
[EventType "swiss"]
[EventRounds "9"]
[EventCountry "GER"]
[SourceDate "2005.10.24"]

1. e4 c6 2. Nc3 d5 3. Nf3 g6 4. h3 Bg7 5. d4 Nh6 6. Bf4 dxe4 7. Nxe4 O-O 8. Qd2
Nf5 9. O-O-O Qd5 10. Nc3 Qa5 11. g4 Nd6 12. Re1 Be6 13. a3 Nd7 14. Bh6 Nb6 15.
Bxg7 Kxg7 16. Re5 Nd5 17. Ng5 b5 18. Rxe6 fxe6 19. Nxe6+ Kg8 20. Nxf8 Rxf8 21.
Nxd5 Qxd2+ 22. Kxd2 cxd5 23. Ke3 a5 24. b3 b4 25. axb4 axb4 26. Bg2 e6 27. Ra1
Nb5 28. Ra5 Nc3 29. Bf3 g5 30. Rc5 Rf7 31. Rc8+ Kg7 32. Re8 Kf6 33. Be2 Rc7 34.
Bd3 Nd1+ 35. Ke2 Nc3+ 36. Kf3 Rf7 37. Kg2 Nd1 38. Rh8 Nxf2 39. Rxh7 Rxh7 40.
Bxh7 Nd1 41. Kg3 Nc3 42. Bd3 Nd1 43. h4 Nc3 44. hxg5+ Kxg5 45. Kf3 Nd1 46. Ba6
Nc3 47. Bc8 Kf6 48. Kf4 Ne2+ 49. Ke3 Nc3 50. Kd3 Ne4 51. Ke3 Nc3 52. Bd7 Ke7
53. Bc6 Kf6 54. Bd7 Ke7 55. Bc8 Kf6 56. g5+ Kxg5 57. Bxe6 Kf6 58. Bc8 Ke7 59.
Ba6 Kd6 60. Kf4 Nd1 61. Be2 Nc3 62. Bh5 Nb5 63. Ke3 Nc3 64. Bf7 Kc6 65. Bg6 Kd6
66. Kd3 Ke6 67. Bh7 Kd6 68. Bg8 Kc6 69. Ke3 Kd6 70. Bf7 Kc6 71. Be8+ Kd6 72.
Kd3 Ke7 73. Bc6 Kd6 74. Bb7 Ke6 75. Ba6 Kd7 76. Ke3 Kd6 77. Kf4 Ke6 78. Kg5 Nd1
79. Bc8+ Kd6 80. Kf4 Nc3 81. Ba6 Ke6 82. Kg5 Nd1 83. Kf4 1/2-1/2

[Event "Niedersachsen-ch"]
[Site "Verden"]
[Date "2010.01.05"]
[Round "8.8"]
[White "Markgraf, Stefan"]
[Black "Kuberczyk, Christoph"]
[Result "1/2-1/2"]
[WhiteElo "2128"]
[BlackElo "1923"]
[PlyCount "57"]
[EventDate "2010.01.??"]
[EventType "swiss"]
[EventRounds "9"]
[EventCountry "GER"]
[SourceDate "2005.10.24"]

1. e4 c5 2. c3 d5 3. exd5 Qxd5 4. d4 Nc6 5. Nf3 cxd4 6. cxd4 e5 7. Nc3 Bb4 8.
Bd2 Bxc3 9. Bxc3 e4 10. Ne5 Nxe5 11. dxe5 Ne7 12. Qe2 Bf5 13. Rd1 Qc5 14. Qb5+
Qxb5 15. Bxb5+ Nc6 16. Bxc6+ bxc6 17. Rd6 Rc8 18. Ke2 Be6 19. Rd2 O-O 20. Ke3
Bd5 21. a4 f5 22. exf6 gxf6 23. Rc1 Kg7 24. Bd4 a6 25. Rc5 Rg8 26. g3 Ra8 27.
h4 Rgb8 28. Kf4 Rb3 29. Rc3 1/2-1/2

[Event "Niedersachsen-ch"]
[Site "Verden"]
[Date "2010.01.05"]
[Round "8.9"]
[White "Schulz, Jens"]
[Black "Dan, Efim"]
[Result "1-0"]
[WhiteElo "2131"]
[BlackElo "2122"]
[PlyCount "89"]
[EventDate "2010.01.??"]
[EventType "swiss"]
[EventRounds "9"]
[EventCountry "GER"]
[SourceDate "2005.10.24"]

1. Nc3 d5 2. d4 Nf6 3. Bg5 Bf5 4. f3 c6 5. Qd2 Nbd7 6. e3 Qa5 7. Nge2 h6 8. Bf4
e6 9. g4 Bg6 10. h4 Bb4 11. Bg3 Nb6 12. Bc7 Rc8 13. Bxb6 axb6 14. Bh3 b5 15.
Kf2 Nd7 16. a3 Be7 17. Bg2 Qd8 18. h5 Bh7 19. Ng3 Ra8 20. Bf1 Nb6 21. Bd3 Nc4
22. Bxc4 bxc4 23. Nce2 Qc7 24. Kg2 c5 25. c3 b6 26. Rae1 O-O 27. f4 Rad8 28.
Ng1 Bd3 29. Nf3 f6 30. Nh4 Bd6 31. Ng6 Rfe8 32. Qf2 cxd4 33. cxd4 b5 34. e4 Qb6
35. e5 Bxg6 36. hxg6 fxe5 37. dxe5 Qxf2+ 38. Kxf2 Bf8 39. f5 Be7 40. Kg2 Bg5
41. Nh5 exf5 42. gxf5 Rf8 43. Rhf1 Rde8 44. f6 gxf6 45. exf6 1-0

[Event "Niedersachsen-ch"]
[Site "Verden"]
[Date "2010.01.05"]
[Round "8.10"]
[White "Neumair, Jerome"]
[Black "Edel, Thomas"]
[Result "1/2-1/2"]
[WhiteElo "2013"]
[BlackElo "2074"]
[PlyCount "26"]
[EventDate "2010.01.??"]
[EventType "swiss"]
[EventRounds "9"]
[EventCountry "GER"]
[SourceDate "2005.10.24"]

1. d4 d5 2. c4 c6 3. Nf3 Nf6 4. Nc3 a6 5. cxd5 cxd5 6. Qb3 Nc6 7. Na4 e6 8. e3
Bd6 9. Be2 Ne4 10. O-O Na5 11. Qb6 Bc7 12. Qb4 Bd6 13. Qb6 Bc7 1/2-1/2

[Event "Niedersachsen-ch"]
[Site "Verden"]
[Date "2010.01.06"]
[Round "9.1"]
[White "Mueller, Fabian"]
[Black "Lubbe, Nikolas"]
[Result "0-1"]
[WhiteElo "2331"]
[BlackElo "2349"]
[PlyCount "106"]
[EventDate "2010.01.??"]
[EventType "swiss"]
[EventRounds "9"]
[EventCountry "GER"]
[SourceDate "2005.10.24"]

1. d4 Nf6 2. c4 c5 3. d5 e6 4. Nc3 exd5 5. cxd5 d6 6. Nf3 g6 7. Bg5 Be7 8. Nd2
O-O 9. e3 h6 10. Bh4 Na6 11. Bc4 Nc7 12. a4 a6 13. a5 Rb8 14. O-O b5 15. axb6
Rxb6 16. Ra2 Bd7 17. h3 Bb5 18. f4 Qd7 19. e4 Re8 20. Qf3 Bxc4 21. Nxc4 Rb4 22.
Nxd6 Qxd6 23. e5 Qb6 24. d6 Ne6 25. Bxf6 Rxf4 26. Nd5 Rxf3 27. Nxb6 Rxf1+ 28.
Kxf1 Bxf6 29. exf6 Rd8 30. Nc4 g5 31. Rxa6 Nf8 32. Ne3 Kh7 33. Ng4 Nd7 34. Kf2
h5 35. Ne3 Kg6 36. Kf3 Kxf6 37. g4 hxg4+ 38. hxg4 Rb8 39. Ke4 Re8+ 40. Kf3 Ke6
41. Nc4 Rb8 42. Ra3 Kd5 43. Rc3 Kd4 44. Rc2 Rb3+ 45. Kf2 Kd5 46. Ne3+ Kxd6 47.
Rd2+ Kc6 48. Nc4 Rb4 49. Ne3 Ne5 50. Nf5 Nxg4+ 51. Kg3 Ne5 52. Rd6+ Kb5 53. Rd5
Rb3+ 0-1

[Event "Niedersachsen-ch"]
[Site "Verden"]
[Date "2010.01.06"]
[Round "9.2"]
[White "Hantak, Adam"]
[Black "Plischki, Sebastian"]
[Result "0-1"]
[WhiteElo "2161"]
[BlackElo "2347"]
[PlyCount "60"]
[EventDate "2010.01.??"]
[EventType "swiss"]
[EventRounds "9"]
[EventCountry "GER"]
[SourceDate "2005.10.24"]

1. d4 Nf6 2. Nf3 g6 3. Bf4 Bg7 4. h3 O-O 5. e3 d6 6. Be2 c5 7. c3 Be6 8. Nbd2
Qb6 9. Qc1 Nc6 10. O-O cxd4 11. Nxd4 Nxd4 12. exd4 Rac8 13. Bf3 Nd5 14. Be3 f5
15. Nb3 Bf7 16. Bh6 e5 17. Bxg7 Kxg7 18. Qd2 e4 19. Be2 Rce8 20. c4 e3 21. Qa5
Nf4 22. Rfe1 exf2+ 23. Kxf2 Nxe2 24. Qxb6 axb6 25. Rxe2 Rxe2+ 26. Kxe2 Bxc4+
27. Kd2 Re8 28. Kc3 Bd5 29. Rg1 Re2 30. g4 f4 0-1

[Event "Niedersachsen-ch"]
[Site "Verden"]
[Date "2010.01.06"]
[Round "9.3"]
[White "Mueer, Sebastian"]
[Black "Laubsch, Bernd"]
[Result "1/2-1/2"]
[WhiteElo "2084"]
[BlackElo "2299"]
[PlyCount "118"]
[EventDate "2010.01.??"]
[EventType "swiss"]
[EventRounds "9"]
[EventCountry "GER"]
[SourceDate "2005.10.24"]

1. Nf3 d5 2. c4 e6 3. g3 Nf6 4. Bg2 c5 5. O-O Nc6 6. cxd5 Nxd5 7. d4 Nf6 8. Qa4
Bd7 9. dxc5 Bxc5 10. Qc2 Qb6 11. Nc3 Nd4 12. Nxd4 Bxd4 13. e3 Bxc3 14. bxc3 Bc6
15. Rb1 Qa6 16. Bxc6+ Qxc6 17. Ba3 O-O-O 18. Be7 Rd7 19. Bxf6 gxf6 20. Rfd1 Rc7
21. Rd3 f5 22. Rbd1 b6 23. Qd2 Kb7 24. Rc1 Rhc8 25. Rd6 Qf3 26. Rd7 {(=)} Rxd7
27. Qxd7+ Rc7 28. Qd3 Qe4 29. Rd1 a5 30. Qd2 Qc4 31. Rc1 Qc5 32. h4 h6 33. Qe2
Qa3 34. Rc2 Rxc3 35. Rxc3 Qxc3 36. Qh5 Qf6 37. a4 e5 38. Qd1 Qc6 39. Qb3 f6 40.
h5 Qd7 41. Kg2 Ka6 42. Qc4+ b5 43. axb5+ Qxb5 44. Qe6+ Qb6 45. Qxf5 a4 46. Qd3+
Ka5 47. Qc3+ Kb5 48. Qd3+ Kb4 49. Qb1+ Ka5 50. Qc1 Qd6 51. e4 a3 52. Qxh6 a2
53. Qc1 Qb4 54. h6 Qxe4+ 55. Kh2 Qb1 56. Qc7+ Kb4 57. h7 a1=Q 58. Qb6+ Kc4 59.
Qxb1 Qxb1 1/2-1/2

[Event "Niedersachsen-ch"]
[Site "Verden"]
[Date "2010.01.06"]
[Round "9.4"]
[White "Woellermann, Jan"]
[Black "Kaphle, Sebastian"]
[Result "1/2-1/2"]
[WhiteElo "2080"]
[BlackElo "2152"]
[PlyCount "71"]
[EventDate "2010.01.??"]
[EventType "swiss"]
[EventRounds "9"]
[EventCountry "GER"]
[SourceDate "2005.10.24"]

1. d4 Nf6 2. c4 c5 3. d5 e6 4. g3 exd5 5. cxd5 d6 6. Nc3 g6 7. Bg2 Bg7 8. Nf3
O-O 9. O-O a6 10. a4 Re8 11. h3 Ne4 12. Nxe4 Rxe4 13. Nd2 Rb4 14. Ra2 Nd7 15.
b3 Nb6 16. a5 Nd7 17. Qc2 Rb8 18. Nc4 Ne5 19. Bd2 Rb5 20. f4 Nxc4 21. bxc4 Rb4
22. Bxb4 cxb4 23. Qb3 Bc3 24. Rc1 b5 25. cxb5 Rxb5 26. Rxc3 bxc3 27. Qxc3 Rc5
28. Qd2 Qc7 29. Kh2 f5 30. e4 fxe4 31. Bxe4 Bf5 32. Bxf5 gxf5 33. Qe2 Rxa5 34.
Rxa5 Qxa5 35. Qe8+ Kg7 36. Qe7+ 1/2-1/2

[Event "Niedersachsen-ch"]
[Site "Verden"]
[Date "2010.01.06"]
[Round "9.5"]
[White "Lick, Patrick"]
[Black "Helmer, Christoph"]
[Result "1-0"]
[WhiteElo "2038"]
[BlackElo "1897"]
[PlyCount "97"]
[EventDate "2010.01.??"]
[EventType "swiss"]
[EventRounds "9"]
[EventCountry "GER"]
[SourceDate "2005.10.24"]

1. c4 Nf6 2. Nf3 g6 3. Nc3 Bg7 4. g3 O-O 5. Bg2 d6 6. O-O c6 7. e4 a6 8. d4
Nbd7 9. Qe2 e5 10. dxe5 dxe5 11. Rd1 Qc7 12. b3 Re8 13. h3 b5 14. Ba3 Qa5 15.
Bb2 Qc7 16. cxb5 axb5 17. a3 Nc5 18. b4 Nb3 19. Rab1 Be6 20. Qc2 Rab8 21. Bf1
Rec8 22. Nxe5 Nxe4 23. Nxe4 Bxe5 24. Ng5 Bd5 25. Rxd5 cxd5 26. Qxb3 h6 27. Nf3
Bxb2 28. Qxb2 Qc3 29. Qxc3 Rxc3 30. Nd4 Rxa3 31. Bxb5 Rb6 32. Rb2 Ra1+ 33. Bf1
Rd1 34. Nf3 d4 35. b5 d3 36. Kg2 Kg7 37. Nd2 f5 38. Nc4 Rb8 39. Ne3 Rc1 40.
Bxd3 Rc7 41. Nc4 Rcb7 42. b6 Kf6 43. Be2 g5 44. g4 fxg4 45. hxg4 Rd7 46. Bf3
Rd4 47. Ne3 Rd6 48. b7 Rd7 49. Rc2 1-0

[Event "Niedersachsen-ch"]
[Site "Verden"]
[Date "2010.01.06"]
[Round "9.6"]
[White "Prenzler, Daniel"]
[Black "Markgraf, Stefan"]
[Result "1/2-1/2"]
[WhiteElo "2190"]
[BlackElo "2128"]
[PlyCount "85"]
[EventDate "2010.01.??"]
[EventType "swiss"]
[EventRounds "9"]
[EventCountry "GER"]
[SourceDate "2005.10.24"]

1. Nf3 Nf6 2. g3 d5 3. Bg2 Bg4 4. d3 c6 5. O-O Nbd7 6. Nbd2 e5 7. Qe1 Bd6 8. e4
O-O 9. h3 Bxf3 10. Nxf3 dxe4 11. dxe4 Qb6 12. Nh4 Rfe8 13. Nf5 Bf8 14. Qe2 Nc5
15. c3 Ne6 16. Be3 Bc5 17. Bc1 Bf8 18. Qf3 Rad8 19. Nh6+ gxh6 20. Qxf6 Bg7 21.
Qf3 Rd6 22. Be3 Qxb2 23. Rab1 Qxa2 24. Rxb7 Ng5 25. Qh5 Rg6 26. Rxa7 Qc4 27.
Rfa1 Qxc3 28. Ra8 Rf8 29. Rxf8+ Bxf8 30. Ra8 Qb4 31. h4 Ne6 32. Qxe5 Qb7 33.
Ra7 Qb4 34. Bh3 Bg7 35. Ra8+ Nf8 36. Qb8 Qxe4 37. Bc5 Rf6 38. Bxf8 Qe1+ 39. Kh2
Rxf2+ 40. Bg2 Rxg2+ 41. Kxg2 Qe2+ 42. Kh3 Qf1+ 43. Kh2 1/2-1/2

[Event "Niedersachsen-ch"]
[Site "Verden"]
[Date "2010.01.06"]
[Round "9.7"]
[White "Kuberczyk, Christoph"]
[Black "Tonndorf, Matthias"]
[Result "1/2-1/2"]
[WhiteElo "1923"]
[BlackElo "2199"]
[PlyCount "94"]
[EventDate "2010.01.??"]
[EventType "swiss"]
[EventRounds "9"]
[EventCountry "GER"]
[SourceDate "2005.10.24"]

1. d4 g6 2. e4 Bg7 3. Nc3 d6 4. Nf3 Nf6 5. Be2 c5 6. dxc5 Qa5 7. O-O Qxc5 8.
Be3 Qa5 9. h3 Nc6 10. Qd2 Bd7 11. Rad1 O-O 12. Bh6 Rfc8 13. Bxg7 Kxg7 14. Rfe1
Rab8 15. Bf1 Ne5 16. Nxe5 Qxe5 17. f4 Qc5+ 18. Qd4 Be6 19. g4 Kg8 20. f5 Bd7
21. e5 Qxd4+ 22. Rxd4 dxe5 23. Rxe5 Rc7 24. Bd3 g5 25. h4 h6 26. Kg2 b5 27. Kg3
b4 28. Ne4 Nxe4+ 29. Rdxe4 Bc8 30. hxg5 hxg5 31. f6 exf6 32. Re8+ Kg7 33. Rc4
Be6 34. Rxc7 Rxe8 35. Rxa7 Rd8 36. Ra4 Rd4 37. Bf5 Bxf5 38. gxf5 Rf4 39. a3
bxa3 40. Rxa3 Rxf5 41. c4 Rf4 42. Rc3 Kf8 43. b4 Ke8 44. b5 Kd7 45. c5 Rb4 46.
b6 Kc6 47. Rf3 Kxc5 1/2-1/2

[Event "Niedersachsen-ch"]
[Site "Verden"]
[Date "2010.01.06"]
[Round "9.8"]
[White "Edel, Thomas"]
[Black "Schulz, Jens"]
[Result "1/2-1/2"]
[WhiteElo "2074"]
[BlackElo "2131"]
[PlyCount "82"]
[EventDate "2010.01.??"]
[EventType "swiss"]
[EventRounds "9"]
[EventCountry "GER"]
[SourceDate "2005.10.24"]

1. d4 Nf6 2. Nf3 e6 3. e3 c5 4. Bd3 d5 5. c3 Nc6 6. Nbd2 Be7 7. O-O O-O 8. dxc5
Bxc5 9. e4 e5 10. h3 Bb6 11. exd5 Qxd5 12. Qe2 Be6 13. Ne4 Nxe4 14. Bxe4 Qc4
15. Bd3 Qc5 16. Ng5 h6 17. Nxe6 fxe6 18. Be3 Qe7 19. Bxb6 axb6 20. Qe4 Rf6 21.
Qh7+ Kf7 22. f4 Qc5+ 23. Kh1 exf4 24. Bg6+ Rxg6 25. Rxf4+ Rf6 26. Rxf6+ Kxf6
27. Rf1+ Qf5 28. Rxf5+ exf5 29. g4 Ne7 30. g5+ hxg5 31. Qh5 Rxa2 32. Qe2 Nc6
33. Qb5 Ra6 34. Qd5 Ra7 35. Kg2 f4 36. Kf3 Ra1 37. Qd6+ Kf5 38. Qd7+ Kf6 39.
Qd6+ Kf5 40. Qf8+ Kg6 41. Qe8+ Kf6 1/2-1/2

[Event "Niedersachsen-ch"]
[Site "Verden"]
[Date "2010.01.06"]
[Round "9.9"]
[White "Heinemann, Ernst"]
[Black "Neumair, Jerome"]
[Result "1/2-1/2"]
[WhiteElo "2199"]
[BlackElo "2013"]
[PlyCount "134"]
[EventDate "2010.01.??"]
[EventType "swiss"]
[EventRounds "9"]
[EventCountry "GER"]
[SourceDate "2005.10.24"]

1. e4 e6 2. d4 d5 3. Nc3 Bb4 4. e5 c5 5. Bd2 Ne7 6. dxc5 Nbc6 7. Qg4 O-O 8. Nf3
f5 9. exf6 Rxf6 10. Qh5 h6 11. O-O-O Bxc5 12. Be3 Bxe3+ 13. fxe3 Bd7 14. e4 Be8
15. Qh4 d4 16. e5 Ng6 17. Qe1 Rf4 18. Nb5 Qb6 19. Bc4 Bf7 20. Nd6 Ncxe5 21.
Nxe5 Qxd6 22. Nxf7 Kxf7 23. Qg3 Rd8 24. Rhe1 Rf6 25. Qb3 Qb6 26. Qxb6 axb6 27.
Re4 b5 28. Bb3 d3 29. cxd3 Nf4 30. d4 Nxg2 31. d5 Rc8+ 32. Kb1 exd5 33. Bxd5+
Kf8 34. Bxb7 Rb8 35. Rd7 Nf4 36. Ree7 Nh5 37. a3 Re8 38. Rxe8+ Kxe8 39. Rd5 Rb6
40. Bc8 Nf6 41. Re5+ Kd8 42. Bf5 Ne8 43. b4 Nd6 44. Bd3 Kd7 45. Kb2 Rb7 46. Be2
Kd8 47. Re6 Nc8 48. Kb3 Kc7 49. Rg6 Kd8 50. h4 Na7 51. Rd6+ Kc7 52. Rd5 Kb6 53.
Rd6+ Kc7 54. Rg6 Kd8 55. Rd6+ Kc7 56. Rd5 Kb6 57. Bf3 Re7 58. Rd6+ Kc7 59. Rd3
Rf7 60. h5 Re7 61. a4 bxa4+ 62. Kxa4 Re5 63. Bg4 Re7 64. Bf5 Rf7 65. Rc3+ Kb6
66. Be4 Re7 67. Bf3 Rf7 1/2-1/2

[Event "Niedersachsen-ch"]
[Site "Verden"]
[Date "2010.01.06"]
[Round "9.10"]
[White "Frank, Christian"]
[Black "Dan, Efim"]
[Result "0-1"]
[WhiteElo "1987"]
[BlackElo "2122"]
[PlyCount "68"]
[EventDate "2010.01.??"]
[EventType "swiss"]
[EventRounds "9"]
[EventCountry "GER"]
[SourceDate "2005.10.24"]

1. d4 Nf6 2. c4 e6 3. Nc3 d5 4. Bg5 Be7 5. e3 O-O 6. Nf3 Nbd7 7. Bd3 b6 8. cxd5
Nxd5 9. Bxe7 Qxe7 10. Nxd5 exd5 11. O-O Bb7 12. Qc2 Nf6 13. Rac1 c6 14. a3 g6
15. b4 Nd7 16. e4 Nf6 17. Rfe1 dxe4 18. Bxe4 Nxe4 19. Rxe4 Qf6 20. Qd2 Rad8 21.
Rf4 Qg7 22. Ng5 Rd6 23. Qe3 h6 24. Nf3 Re6 25. Qb3 Rfe8 26. h4 Re4 27. Rxe4
Rxe4 28. Qd3 Re8 29. Qd2 Rd8 30. Qe3 Qf8 31. Re1 Rd7 32. h5 g5 33. Nh2 Rd6 34.
Qe5 Re6 0-1

[Event "Niedersachsen-ch B"]
[Site "Verden"]
[Date "2010.01.03"]
[Round "1.1"]
[White "Hoellmann, Ludger"]
[Black "Kessler, Marcel"]
[Result "0-1"]
[WhiteElo "2237"]
[BlackElo "1924"]
[PlyCount "42"]
[EventDate "2010.01.??"]
[EventType "swiss"]
[EventRounds "7"]
[EventCountry "GER"]
[SourceDate "2005.10.24"]

1. g3 d5 2. Bg2 Nf6 3. Nf3 e6 4. c4 Bd6 5. O-O O-O 6. Qc2 c6 7. d4 Nbd7 8. Rd1
Ne4 9. Nc3 f5 10. Bf4 Bxf4 11. gxf4 Rf6 12. e3 Rh6 13. Rac1 Nf8 14. Rf1 Ng6 15.
Qd1 Nh4 16. Rc2 Bd7 17. Ne5 Nxg2 18. Kxg2 Qh4 19. Nf3 Qh3+ 20. Kh1 Be8 21. Ne2
Qxf3+ 0-1

[Event "Niedersachsen-ch B"]
[Site "Verden"]
[Date "2010.01.03"]
[Round "1.2"]
[White "Heyne, Lukas"]
[Black "Sawadkuhi, Massoud Amir"]
[Result "1/2-1/2"]
[WhiteElo "1810"]
[BlackElo "2227"]
[PlyCount "115"]
[EventDate "2010.01.??"]
[EventType "swiss"]
[EventRounds "7"]
[EventCountry "GER"]
[SourceDate "2005.10.24"]

1. e4 d5 2. exd5 Qxd5 3. Nc3 Qa5 4. d4 Nf6 5. Nf3 Bf5 6. Bd2 c6 7. Bc4 Qc7 8.
Qe2 e6 9. d5 cxd5 10. Nxd5 Nxd5 11. Bxd5 Nc6 12. Bxc6+ bxc6 13. Nd4 Bg6 14.
O-O-O Be7 15. Qf3 O-O 16. h4 h6 17. g4 c5 18. Nc6 Rac8 19. Nxe7+ Qxe7 20. h5
Bh7 21. g5 hxg5 22. h6 Qf6 23. Qe2 gxh6 24. Rh5 Rfd8 25. Rdh1 Rxd2 26. Qxd2 Rb8
27. Rxh6 Qxb2+ 28. Kd1 Qa1+ 29. Ke2 Qe5+ 30. Qe3 Qf5 31. Rxh7 Qxc2+ 32. Kf3
Qf5+ 33. Kg3 Rb4 34. Rh8+ Kg7 35. R1h7+ Kg6 36. Qf3 Qxf3+ 37. Kxf3 Ra4 38. Rh1
Rxa2 39. Rc1 Ra3+ 40. Kg2 g4 41. Rg8+ Kf5 42. Rxc5+ e5 43. Rc4 e4 44. Rc5+ Ke6
45. Rxg4 e3 46. Re4+ Kd6 47. Rf5 exf2 48. Rxf7 a5 49. Rff4 Kc5 50. Ra4 Rxa4 51.
Rxa4 Kb5 52. Ra1 a4 53. Kxf2 Kb4 54. Ke2 Kb3 55. Kd2 a3 56. Kc1 a2 57. Rb1+
axb1=Q+ 58. Kxb1 1/2-1/2

[Event "Niedersachsen-ch B"]
[Site "Verden"]
[Date "2010.01.03"]
[Round "1.3"]
[White "Renner, Kai"]
[Black "Belakhin, Alexander"]
[Result "1-0"]
[WhiteElo "2191"]
[BlackElo "1864"]
[PlyCount "51"]
[EventDate "2010.01.??"]
[EventType "swiss"]
[EventRounds "7"]
[EventCountry "GER"]
[SourceDate "2005.10.24"]

1. e4 Nf6 2. Nc3 d5 3. e5 Ne4 4. f4 Nxc3 5. dxc3 Bf5 6. Be3 e6 7. Qd2 Bg4 8. h3
Bh5 9. g4 Bg6 10. O-O-O h5 11. Bg2 hxg4 12. hxg4 Rxh1 13. Bxh1 c6 14. Qf2 Nd7
15. f5 exf5 16. gxf5 Bh5 17. Bf3 Bxf3 18. Nxf3 Qc7 19. Bf4 Qb6 20. Qh4 Qa6 21.
e6 fxe6 22. Qh5+ Kd8 23. fxe6 Nf6 24. Qf7 Be7 25. Rh1 Ne8 26. Bg5 1-0

[Event "Niedersachsen-ch B"]
[Site "Verden"]
[Date "2010.01.03"]
[Round "1.4"]
[White "Dorn, Carina"]
[Black "Eschholz, Enno"]
[Result "0-1"]
[WhiteElo "1867"]
[BlackElo "2198"]
[PlyCount "54"]
[EventDate "2010.01.??"]
[EventType "swiss"]
[EventRounds "7"]
[EventCountry "GER"]
[SourceDate "2005.10.24"]

1. d4 Nf6 2. c4 Nc6 3. Nf3 e6 4. Bg5 Bb4+ 5. Nbd2 h6 6. Bxf6 Qxf6 7. e3 O-O 8.
a3 Bxd2+ 9. Qxd2 d6 10. Bd3 e5 11. dxe5 dxe5 12. Be4 Bf5 13. Qc2 Bxe4 14. Qxe4
Rad8 15. O-O Qe7 16. Rfd1 f5 17. Qc2 e4 18. Nd4 Ne5 19. Qb3 c5 20. Nb5 Qh4 21.
Rxd8 Rxd8 22. Rd1 Rf8 23. h3 Nd3 24. Qc2 Rf6 25. Rf1 Rg6 26. Kh1 f4 27. exf4
Rxg2 0-1

[Event "Niedersachsen-ch B"]
[Site "Verden"]
[Date "2010.01.03"]
[Round "1.5"]
[White "Herrmann, Andreas"]
[Black "Pfemeter, Felix"]
[Result "1-0"]
[WhiteElo "2171"]
[BlackElo "1866"]
[PlyCount "99"]
[EventDate "2010.01.??"]
[EventType "swiss"]
[EventRounds "7"]
[EventCountry "GER"]
[SourceDate "2005.10.24"]

1. d4 Nf6 2. Nf3 g6 3. c3 Bg7 4. Bf4 d6 5. Nbd2 c6 6. h3 O-O 7. e3 Nbd7 8. Bh2
b5 9. a4 bxa4 10. Qxa4 Nb6 11. Qa5 Nbd7 12. Be2 Bb7 13. O-O a6 14. Nc4 Qb8 15.
Qa3 Qa7 16. Na5 Rfb8 17. b4 Nd5 18. c4 Nc7 19. Qa4 Nb6 20. Qa2 Bf8 21. e4 Nd7
22. Rfd1 Rc8 23. e5 d5 24. Rac1 e6 25. c5 Nb5 26. Bf4 h6 27. Qd2 Kh7 28. Nh2 f5
29. exf6 Nxf6 30. Be5 Bg7 31. Bd3 Rg8 32. Qe2 Raf8 33. Ng4 Ba8 34. Bxb5 axb5
35. Bxf6 Bxf6 36. Qxe6 Bg5 37. Rc2 Re8 38. Nf6+ Bxf6 39. Qxf6 Rgf8 40. Qd6 Qa6
41. Re2 Qc8 42. Re7+ Rxe7 43. Qxe7+ Kg8 44. Re1 Qf5 45. Qe6+ Qxe6 46. Rxe6 Kf7
47. Rd6 Rc8 48. Rd7+ Ke6 49. Rh7 h5 50. f3 1-0

[Event "Niedersachsen-ch B"]
[Site "Verden"]
[Date "2010.01.03"]
[Round "1.6"]
[White "Rieping, Heiner"]
[Black "Guennigmann, Manuel"]
[Result "1-0"]
[WhiteElo "1800"]
[BlackElo "2164"]
[PlyCount "109"]
[EventDate "2010.01.??"]
[EventType "swiss"]
[EventRounds "7"]
[EventCountry "GER"]
[SourceDate "2005.10.24"]

1. e4 c5 2. Nf3 Nc6 3. d4 cxd4 4. Nxd4 Nf6 5. Nc3 e5 6. Ndb5 d6 7. Bg5 a6 8.
Na3 b5 9. Bxf6 gxf6 10. Nd5 Bg7 11. g3 f5 12. exf5 Bxf5 13. Bg2 e4 14. c3 Ne5
15. O-O Bg4 16. Qd2 Nf3+ 17. Bxf3 Bxf3 18. Nc2 O-O 19. Nd4 Bxd4 20. Qxd4 f5 21.
Nf4 Qf6 22. Qxf6 Rxf6 23. a4 Rb8 24. axb5 Rxb5 25. Rxa6 Rxb2 26. Nd5 Re6 27.
Nf4 Rh6 28. Ra8+ Kf7 29. Ra7+ Ke8 30. Nd5 Rb8 31. Rfa1 Kd8 32. Rg7 Rg6 33. Rxh7
Rg8 34. Nf6 Rg6 {(=)} 35. Rh8+ Kc7 36. Nd5+ Kb7 37. Rb1+ Kc6 38. Ne7+ Kd7 39.
Rbxb8 Kxe7 40. Rb5 Rf6 41. c4 f4 42. Rb7+ Ke6 43. Re8+ Kf5 44. Rb5+ Kg6 45. Rb6
fxg3 46. hxg3 Kf7 47. Rh8 Rf5 48. Rb5 Rf6 49. Rh4 Ke6 50. c5 dxc5 51. Rxc5 Kd6
52. Ra5 Kc7 53. Re5 Rd6 54. Rhxe4 Bxe4 55. Rxe4 1-0